Fictional Vehicles 🚘 - Statistics

General Stats
  • This quiz has been taken 29 times
  • The average score is 13 of 18
Answer Stats
Debut Hint Vehicle % Correct
1941 Batman’s crime-fighting car Batmobile
100%
1977 Han Solo’s ship Millennium Falcon
89%
1946 Cheerful blue tank engine Thomas
89%
1966 Captain Kirk's starship Enterprise
85%
1969 Sentient Volkswagen Beetle Herbie
85%
Ancient Ship of Jason and the Argonauts Argo
81%
1982 Knight Rider’s talking car KITT
81%
1984 Transformers leader who becomes a truck Optimus Prime
81%
1869 Captain Nemo’s submarine Nautilus
78%
1984 Soviet submarine hunted by Jack Ryan Red October
78%
2003 Jack Sparrow’s pirate ship Black Pearl
74%
2006 Red race car voiced by Owen Wilson Lightning McQueen
74%
1969 Scooby-Doo and gang’s van Mystery Machine
74%
1963 Doctor Who’s police-box time machine TARDIS
63%
1983 Killer Stephen King car Christine
59%
1979 Dukes of Hazzard Dodge Charger General Lee
52%
1984 Ghostbusters ambulance-hearse Ecto-1
44%
1964 Gilligan’s doomed tour boat S.S. {Minnow}
44%
No matching quizzes found
Score Distribution
Percent of People with Each Score
Percentile by Number Answered
Your Score History
You have not taken this quiz